El discurso en accion : foucault y una ontologia del presente /
Guardado en:
| Autor Principal: | |
|---|---|
| Formato: | Libro |
| Publicado: |
Barcelona / Madrid :
Anthropos / Cantoblanco /universidad Autonoma,
1990
|
| Series: | Autores, textos y Temas / Filo
|
| Materias: | |
| Etiquetas: |
Agregar Etiqueta
Sin Etiquetas, Sea el primero en etiquetar este registro!
|
| LEADER | 00683nam a22002055a 4500 | ||
|---|---|---|---|
| 001 | EHU.bham028484 | ||
| 003 | AR-BHAM | ||
| 005 | 20110518140819.0 | ||
| 008 | 130507s1990##################000#0#####d | ||
| 082 | 1 | 9 | |a 194.07 |
| 100 | 1 | |a Gabilondo, Angel | |
| 245 | 1 | 0 | |a El discurso en accion : |b foucault y una ontologia del presente / |c Angel Gabilondo |
| 260 | |a Barcelona / Madrid : |b Anthropos / Cantoblanco /universidad Autonoma, |c 1990 | ||
| 300 | |a 206 p. | ||
| 490 | 0 | |a Autores, textos y Temas / Filo | |
| 653 | |a Foucault | ||
| 653 | |a Ontologia | ||
| 653 | |a Analisis del discurso | ||
| 653 | |a Filosofia francesa-estudios | ||
| 859 | |a AR-BHAM |b BIB. HUMANIDADES - General |h 194.07 |i G112 |p 984.05 |t Ej.1 | ||
